Man and images in the ancient Near East /

محفوظ في:

المؤلف الرئيسي: Porada, Edith, 1912-1994 (مؤلف)

التنسيق: كتاب

اللغة: English

منشور في: Wakefield, RI : Emeryville, CA : Moyer Bell ; Distributed in North America by Publishers Group West, 1995.

الطبعة: 1st ed.

سلاسل: Anshen transdisciplinary lectureships in art, science, and the philosophy of culture ; 4.

الموضوعات:

الوسوم: إضافة وسم

لا توجد وسوم, كن أول من يضع وسما على هذه التسجيلة!

رقم الطلب: N5370 .P77 1995

LEADER 01090namaa2200301 4500
001 25194
003 OSt
005 20250821104917.0
008 130303s1995 riua b 000 0 eng d
010 |a 94043297  
020 |a 1559211296 
040 |c ARCE Library 
043 |a a-iq--- 
050 4 |a N5370 .P77 1995 
100 1 |a Porada, Edith,   |d 1912-1994,   |e author  |9 37789 
245 1 0 |a Man and images in the ancient Near East /   |c by Edith Porada. 
250 |a 1st ed. 
264 1 |a Wakefield, RI :   |b Moyer Bell ;   |a Emeryville, CA :   |b Distributed in North America by Publishers Group West,   |c 1995. 
300 |a 188 pages :   |b illustrations ;   |c 24 cm. 
490 1 |a Anshen transdisciplinary lectureships in art, science, and the philosophy of culture ;   |v 4. 
504 |a Includes bibliographical references (p. 155-158). 
650 0 |a Art, Ancient  |z Iraq. 
650 0 |a Art  |z Iraq. 
650 0 |a Art and society  |z Iraq. 
830 0 |a Anshen transdisciplinary lectureships in art, science, and the philosophy of culture ;   |v 4. 
901 |a reviewed 
942 |c BK  |2 lcc 
999 |c 21146  |d 21146